000 03962nam0a2200409 4500
001 RU\NLR\BIBL_A\012787739
005 20220804161312.0
010 _a978-5-00078-495-2
_9500
021 _aRU
_bКН-П-22-005664
_9КН-П-22-0450
035 _a(NLR Aleph) 012787739
035 _a(RuMoRGB)010971289
090 _a13143405
_c13143405
100 _a20220516d2021 u y0rusy50 ca
101 0 _arus
102 _aRU
105 _aa j 000zy
181 0 _ai
_baxxe
182 0 _an
200 1 _aУправление знаниями
_eучебное пособие для студентов бакалавриата, обучающихся по направлению подготовки 38.03.02 "Менеджмент", и других экономических специальностей
_fО. Ю. Смыслова, Ю. Ю. Горшкова, Н. Ю. Филоненко [и др.]
_gМинистерство науки и высшего образования Российской Федерации, Федеральное государственное бюджетное образовательное учреждение высшего образования "Финансовый университет при Правительстве Российской Федерации, Липецкий филиал Финуниверситета"
203 _aТекст
_bвизуальный
_cнепосредственный
210 _aЛипецк
_aТамбов
_cДержавинский
_d2021
215 _a245 с.
_cил.
_d21
300 _aНа 3-й с. авт.: д-р экон. наук, доц., проф. О. Ю. Смыслова, Ю. Ю. Горшкова, канд. филол. наук, доц. Н. Ю. Филоненко
300 _aАвт. указаны на обороте тит. с.
320 _aБиблиогр.: с. 237-245, в подстроч. примеч. и в конце гл.
330 _aУчебное пособие представляет систематизированное изложение теории и практики в области управления знаниями. В пособии раскрываются теоретические основы интеллектуального капитала организации, специфика тактического и стратегического управления им, показано под влиянием каких условий и факторов происходит трансформация знаний и интеллектуального капитала работников, как с изменениями во времени меняются взгляды на технологии и процессы управления знаниями, появляются новые современные концепции, атакже совершенствуются и развиваются методы аудита и оценки интеллектуального капитала современной компании
606 1 _aПредприятия
_jУчебные издания для высших учебных заведений
_xИнтеллектуальный капитал
_xУправление
_92551132
_3RU\NLR\AUTH\661509584
686 1 _aУ5-14-21я73
701 1 _aСмыслова
_bО. Ю.
_gОльга Юрьевна
701 1 _aГоршкова
_bЮ. Ю.
_gЮлия Юрьевна
701 1 _aФилоненко
_bН. Ю.
_cканд. филол. наук
_gНаталья Юрьевна
_9210556
_3RU\NLR\AUTH\770210610
712 0 2 _4570
_aФинансовый университет при Правительстве Российской Федерации
_bЛипецкий филиал
_cМосква
_9415520
_3RU\NLR\AUTH\880374545
942 _cBOOK
980 _aNB